000 00700nam a2200217Ia 4500
003 GCL
008 140319s9999 xx 000 0 ara d
040 _aGCL /
_cGCL
082 0 4 _a521.54
_bن ك
100 1 _aنورس، الان
245 1 0 _aالكواكب التسعة /
_cنورس، الان
700 1 _aمحمود خيرى على
260 _aالقاهرة :
_bمكتبة الانجلوالمصرية ،
_c1967
300 _a404 ص:
_bايض ؛
_c24 سم
650 0 4 _aالمراصد الفلكية
650 0 4 _aالكواكب
650 0 4 _aالنظام الشمسى
650 0 4 _aالمجموعة الشمسية
650 0 4 _aالاجرام السماوية
942 _2ddc
_cBK
999 _c30605
_d30605